书目信息 |
| 题名: |
考研心理学考试大纲解析配套1000题
|
|
| 作者: | ;全国考研心理学大纲配套教材专家委员会 [编] | |
| 分册: | ||
| 出版信息: | 北京 高等教育出版社 2016 |
|
| 页数: | 319页 | |
| 开本: | 26cm | |
| 丛书名: | ||
| 单 册: | ||
| 中图分类: | B84-44 | |
| 科图分类: | ||
| 主题词: | 考研--Kao Yan--心理学--解析 | |
| 电子资源: | ||
| ISBN: | 978-7-04-045826-8 | |
| 000 | 00806nam0 22002291 450 | |
| 001 | 0121113042 | |
| 005 | 20161122085600.68 | |
| 010 | @a978-7-04-045826-8@dCNY40.00 | |
| 100 | @a20160824d2016 em y0chiy50 ea | |
| 101 | 0 | @achi |
| 102 | @aCN@b110000 | |
| 105 | @ay q 000yy | |
| 106 | @ar | |
| 200 | 1 | @a考研心理学考试大纲解析配套1000题@AKao Yan Xin Li Xue Kao Shi Da Gang Jie Xi Pei Tao 1000Ti@f全国考研心理学大纲配套教材专家委员会[编] |
| 210 | @a北京@c高等教育出版社@d2016 | |
| 215 | @a319页@d26cm | |
| 300 | @a2017 高教版 | |
| 606 | 0 | @a考研@AKao Yan@x心理学@x解析 |
| 690 | @aB84-44@v5 | |
| 711 | 02 | @a全国考研心理学大纲配套教材专家委员会@AQuan Guo Kao Yan Xin Li Xue Da Gang Pei Tao Jiao Cai Zhuan Jia Wei Yuan Hui@4[编] |
| 801 | 0 | @aCN@bTANGWEI@c20161117 |
| 905 | @b0898121-5@dB84-44@e1483@f5 | |
| 考研心理学考试大纲解析配套1000题/全国考研心理学大纲配套教材专家委员会[编].-北京:高等教育出版社,2016 |
| 319页;26cm |
| 2017 高教版 |
| ISBN 978-7-04-045826-8:CNY40.00 |
| ● |
| 相关链接 |
|
|
|
|
正题名:考研心理学考试大纲解析配套1000题
索取号:B84-44/1483
 
预约/预借
| 序号 | 登录号 | 条形码 | 馆藏地/架位号 | 状态 | 备注 |
| 1 | 0898121 | 208981217 | 第一样本阅览室/ [索取号:B84-44/1483] | 在馆 | |
| 2 | 0898122 | 208981226 | 第一借阅区/ [索取号:B84-44/1483] | 在馆 | |
| 3 | 0898123 | 208981235 | 第一借阅区/ [索取号:B84-44/1483] | 在馆 | |
| 4 | 0898124 | 208981244 | 第一借阅区/ [索取号:B84-44/1483] | 在馆 | |
| 5 | 0898125 | 208981253 | 第一借阅区/ [索取号:B84-44/1483] | 在馆 |